Interstate 5 Exits (Ashland-Canyonville) Exits 1-99 - Statistics

General Stats
  • This quiz has been taken 7 times
  • The average score is 2 of 31
Answer Stats
County City Exit # Exit % Correct
Jackson Siskiyou Mountains 6 Mount Ashland
100%
Jackson-Sisikyou Line Siskiyou Mountains ----- Interstate 5 South-To California
50%
Douglas Azalea 88 AzaleaGalesville Reservoir
0%
Douglas N/A 83 Barton Road
0%
Douglas N/A 95 Canyon Creek
0%
Douglas Canyonville 98 CanyonvilleDays Creek
0%
Jackson Central Point 33 Central PointEagle Point
0%
Jackson Rogue River 48 City of Rogue River
0%
Douglas N/A 80 Glendale
0%
Josephine Hugo 66 Hugo
0%
Josephine Merlin 61 Merlin
0%
Douglas N/A 99 North Canyonville
0%
Jackson Gold Hill 40 OR 234Gold Hill
0%
Jackson Medford 30 OR 238 NorthboundOR 62 Eastbound
0%
Jackson Ashland 14 OR 66
0%
Jackson Siskiyou Mountains 11 OR 99
0%
Jackson Medford 27 OR 99
0%
Jackson Gold Hill 45A OR 99
0%
Jackson Central Point 35 OR 99 Southbound
0%
Josephine Grants Pass 58 OR 99 Southbound
0%
Jackson Phoenix 24 Phoenix
0%
Douglas Quines Creek 86 Quines Creek RoadBarton Road
0%
Jackson Gold Hill 43 Rogue River Route
0%
Jackson Siskiyou Mountains 1 Sisikiyou Summit
0%
Josephine N/A 78 Speaker Road
0%
Josephine Sunny Valley 71 Sunny Valley
0%
Jackson Talent 21 Talent
0%
Josephine Grants Pass 55 US 199 Southbound
0%
Jackson Gold Hill 45B Valley of the Rogue State Park
0%
Jackson Siskiyou Mountains 19 Valley View Road
0%
Josephine Wolf Creek 76 Wolf Creek
0%
No matching quizzes found
Score Distribution
Percent of People with Each Score
Percentile by Number Answered
Your Score History
You have not taken this quiz